000 00316nam a22001457a 4500
020 _a978-93-83756-16-2
082 _a894.812.3
_bOSH/T
100 _aOSHO
245 _aTHIRANJEDUTHA KATHAKAL
260 _aKOZHIKODE
_bOLIVE PUBLICATIONS
_c2019
300 _a201
520 _aNOVEL
650 _aNOVEL
942 _cBK
999 _c5025
_d5025